Normal view
MARC view
- Cybersecurity
Entry Topical Term
001 - CONTROL NUMBER
- control field: 6668
003 - CONTROL NUMBER IDENTIFIER
- control field: JO-AjAnu
005 - DATE AND TIME OF LATEST TRANSACTION
- control field: 20230606071400.0
008 - FIXED-LENGTH DATA ELEMENTS
- fixed length control field: 230606|| aca||aabn | a|a d
040 ## - CATALOGING SOURCE
- Original cataloging agency: JO-AjAnu
- Transcribing agency: JO-AjAnu
150 ## - HEADING--TOPICAL TERM
- Topical term or geographic name entry element: Cybersecurity
670 ## - SOURCE DATA FOUND
- Source citation: Work cat.: (JO-AjAnu)3454: Troncone, Paul, Carl Albing, PhD, author 6667, Cybersecurity Ops with bash: Attack, Defend, and Analyze from the Command Line